| LDR | | 00000nam c2200205 k 4500 |
| 001 | | 000000341282 |
| 005 | | 20260414150641 |
| 007 | | ta |
| 008 | | 260407s2025 ggka r 001a kor |
| 020 | |
▼a 9791175540811
▼g 93330 :
▼c \21000 |
| 040 | |
▼a 248032
▼c 248032
▼d 248032 |
| 049 | 0 |
▼l EM111904
▼l EM111905
▼c 2 |
| 056 | |
▼a 338.13
▼2 4 |
| 090 | |
▼a 338.13
▼b 이66사 |
| 245 | 20 |
▼a 사회복지현장실습 및 세미나 =
▼x Social Welfare Practicum & Seminar /
▼d 이원주 |
| 250 | |
▼a 1판 |
| 260 | |
▼a 고양 :
▼b 공동체,
▼c 2025 |
| 300 | |
▼a 325 p. :
▼b 삽화, 표 ;
▼c 24 cm |
| 504 | |
▼a 참고문헌(p. 317-320) 및 색인(p. 321-325) 수록 |
| 653 | |
▼a 사회복지현장실습
▼a 사회복지교육
▼a 사회복지 |
| 700 | 1 |
▼a 이원주,
▼e 저 |
| 950 | 0 |
▼b \21000 |
| 990 | |
▼a 관리자2
▼b 관리자2 |